Online
Catalog

2063 y otras distopías / (Record no. 49681)

MARC details
000 -CABECERA
campo de control de longitud fija 01236nam a22002537a 4500
003 - IDENTIFICADOR DEL NÚMERO DE CONTROL
campo de control OSt
005 - FECHA Y HORA DE LA ÚLTIMA TRANSACCIÓN
campo de control 20240226141338.0
008 - DATOS DE LONGITUD FIJA--INFORMACIÓN GENERAL
campo de control de longitud fija 210324b 2018 dr 00| 0 eng d
020 ## - NÚMERO INTERNACIONAL ESTÁNDAR DEL LIBRO
Número Internacional Estándar del Libro 9789945608106
040 ## - FUENTE DE LA CATALOGACIÓN
Centro catalogador/agencia de origen DO-SdBNP
Lengua de catalogación spa
Centro/agencia transcriptor BNPHU
082 #4 - NÚMERO DE LA CLASIFICACIÓN DECIMAL DEWEY
Número de clasificación PR863.44
Número de documento/Ítem R114v
Número de edición 22
100 1# - ENTRADA PRINCIPAL--NOMBRE DE PERSONA
Nombre de persona Rabelo Cartagena, José A.,
Fechas asociadas al nombre 1963-
9 (RLIN) 57213
245 10 - MENCIÓN DE TÍTULO
Título 2063 y otras distopías /
Mención de responsabilidad, etc. José Rabelo
246 23 - FORMA VARIANTE DE TÍTULO
Título propio/Titulo breve Dos mil sesenta tres y otras distopías
260 ## - PUBLICACIÓN, DISTRIBUCIÓN, ETC.
Lugar de publicación, distribución, etc. San Juan, Puerto Rico ;
-- Santo Domingo :
Nombre del editor, distribuidor, etc. Isla Negra Editores,
Fecha de publicación, distribución, etc. 2018.
300 ## - DESCRIPCIÓN FÍSICA
Extensión 196 p. :
Otras características físicas il. ;
Dimensiones 22 cm.
490 1# - MENCIÓN DE SERIE
Mención de serie El Rostro y La Máscara
500 ## - NOTA GENERAL
Nota general Incluye datos biográficos del autor en la solapa de la cubierta.
505 ## - NOTA DE CONTENIDO CON FORMATO
Nota de contenido con formato 2063 – Lluvia – Heptateuco – Ojos – Luna – Jadeante – Estadio – Panorama – Virago – Marte – Wapar --9:43 am – Monedas – Cábala – Cuerda – Vida – Aokigahara – Sebast – Multiversos -- El artista – Aparalipsis -- Lobo y Malacoda – Arretranco – Béisbol – Perihelio – Arenas – Agua – Colonia -- In albis – Levitantes – María.
590 ## - NOTA LOCAL (RLIN)
Nota local Inventariado, 2021 /LP<br/>
830 #0 - PUNTO DE ACCESO ADICIONAL DE SERIE-TÍTULO UNIFORME
Título uniforme El Rostro y La Máscara
9 (RLIN) 251
910 ## - DATOS DE OPCIÓN DEL USUARIO (OCLC)
Datos de opción del usuario Lopérez, Validado. Control de calidad MFF
942 ## - ELEMENTOS DE PUNTO DE ACCESO ADICIONAL (KOHA)
Fuente del sistema de clasificación o colocación Dewey Decimal Classification
Tipo de ítem Koha Libro
Holdings
Estado de retiro Estado de pérdida Fuente del sistema de clasificación o colocación Restricciones de uso No para préstamo Código de colección Localización permanente Ubicación/localización actual Ubicación en estantería Fecha de adquisición Fuente de adquisición Total de préstamos Signatura topográfica completa Código de barras Fecha visto por última vez Precio válido a partir de Tipo de ítem Koha Número de copia
    Dewey Decimal Classification Excluido de préstamo Excluido de préstamo Patrimonio Dominicano Biblioteca Nacional Pedro Henríquez Ureña General Depósito 24.03.2021 Depósito Legal   BNPHU GR PR863.44 R114v 2021-1219 24.03.2021 24.03.2021 Libro y Folleto Colección Patrimonio Dominicano  
    Dewey Decimal Classification Préstamo en sala Préstamo restrigido Patrimonio Dominicano Biblioteca Nacional Pedro Henríquez Ureña General Depósito 24.03.2021 Depósito Legal   BNPHU GR PR863.44 R114v 2021-1220 24.03.2021 24.03.2021 Libro y Folleto Colección Patrimonio Dominicano e.2
    Dewey Decimal Classification Préstamo en sala   Dominicana de Servicio Biblioteca Nacional Pedro Henríquez Ureña General Depósito 24.03.2021 Depósito Legal   BNPHU GR PR863.44 R114v 2021-1221 24.03.2021 24.03.2021 Libro y Folleto Colección Dominicana de Servicio e.3

Powered by Koha